Hà Bắc ngàn năm văn hiến : Đất nước, con người (Kỷ yếu hội nghị truyền thống) . t. III /
Guardado en:
| Autor principal: | |
|---|---|
| Otros Autores: | , |
| Formato: | Sách giấy |
| Lenguaje: | Vietnamese |
| Publicado: |
Hà Bắc :
Ty Văn hoá ,
1974
|
| Etiquetas: |
Agregar Etiqueta
Sin Etiquetas, Sea el primero en etiquetar este registro!
|
| Thư viện lưu trữ: | Thư viện Trường Đại học Đà Lạt |
|---|
| LEADER | 00776nam a2200277 4500 | ||
|---|---|---|---|
| 001 | DLU020014305 | ||
| 005 | ##6/26/2000 | ||
| 020 | # | # | |a 978- |
| 041 | # | # | |a vie |
| 082 | # | # | |a 911.597 |b Hab |
| 090 | # | # | |a 911.597 |b Hab |
| 100 | # | # | |a Hoàng Minh Giám |
| 245 | # | # | |a Hà Bắc ngàn năm văn hiến : |b Đất nước, con người (Kỷ yếu hội nghị truyền thống) . |n t. III / |c Giám Hoàng Minh, Tuấn Lê Quang, Hảo Phạm Văn |
| 260 | # | # | |a Hà Bắc : |b Ty Văn hoá , |c 1974 |
| 300 | # | # | |a 307 tr.; |c 27 cm. |
| 700 | # | # | |a Lê Quang Tuấn |
| 700 | # | # | |a Phạm Văn Hảo |
| 992 | # | # | |a 1512 |
| 994 | # | # | |a DLU |
| 900 | # | # | |a False |
| 911 | # | # | |a Administrator |
| 925 | # | # | |a G |
| 926 | # | # | |a A |
| 927 | # | # | |a SH |
| 980 | # | # | |a Thư viện Trường Đại học Đà Lạt |